Geometry from a differential viewpoint
Αποθηκεύτηκε σε:
| Κύριος συγγραφέας: | |
|---|---|
| Μορφή: | Βιβλίο |
| Γλώσσα: | English |
| Δημοσίευση: |
Cambridge :
Cambridge University Press,
1997, c1994
|
| Έκδοση: | 1st ed., Repr. |
| Θέματα: | |
| Ετικέτες: |
Προσθήκη ετικέτας
Δεν υπάρχουν, Καταχωρήστε ετικέτα πρώτοι!
|
MARC
| LEADER | 00000nam a2200000 i 4500 | ||
|---|---|---|---|
| 001 | 1/74512 | ||
| 008 | 990519s1997 eng d | ||
| 020 | |a 0-521-42480-1 | ||
| 035 | |l 10049089 | ||
| 040 | |a GR-MY-UA |b gre |e aacr | ||
| 041 | 0 | |a eng | |
| 082 | 0 | |a 516.36 | |
| 100 | 1 | |a McCleary, John |d 1952- | |
| 245 | 1 | 0 | |a Geometry from a differential viewpoint / |c John McCleary |
| 250 | |a 1st ed., Repr. | ||
| 260 | |a Cambridge : |b Cambridge University Press, |c 1997, c1994 | ||
| 300 | |a xii, 308 p.; |b ill.; |c 26 cm. | ||
| 500 | |a Includes bibliographical references and index | ||
| 650 | 0 | 0 | |a Geometry, Differential. |
| 852 | |a INST |b SAMOS |e 19990519 |h 516.36 MCC |p 005300012819 |q 005300012819 |t BK |y 0 | ||
| 901 | |a BIBL3-1999-2 | ||
| 909 | |a Σ |b 063862 | ||
| 922 | |a 3ΕΛΗ |b 199901 |c ΚΠΣ |d GLORY | ||
| 950 | |a 116-1998-08-10 | ||